Littératures francophones d'Europe: Anthologie
Tallennettuna:
| Aineistotyyppi: | Kirja |
|---|---|
| Kieli: | Undetermined |
| Julkaistu: |
París, Francia
Nathan
1997
|
| Aiheet: | |
| Tagit: |
Lisää tagi
Ei tageja, Lisää ensimmäinen tagi!
|
MARC
| LEADER | 00000nam a2200000Ia 4500 | ||
|---|---|---|---|
| 008 | 170316s9999 xx 000 0 und d | ||
| 040 | |a cru BVZT | ||
| 090 | |a A-840 L-3.3L | ||
| 245 | |a Littératures francophones d'Europe: Anthologie | ||
| 260 | |a París, Francia | ||
| 260 | |b Nathan | ||
| 260 | |c 1997 | ||
| 300 | |a 256 páginas | ||
| 650 | |a LITERATURA FRANCESA | ||
| 650 | |a ANTOLOGÍA | ||
| 650 | |a EN IDIOMA FRANCÉS | ||
| 650 | |a LITERATURA FRANCOFONA - EUROPA | ||
| 999 | |c 12428 |d 12428 | ||
| 942 | |c 15 D |h A-840 L-3.3L |2 z | ||
